| 000 | 00659cam a22001814a 4500 | ||
|---|---|---|---|
| 005 | 20250605164357.0 | ||
| 008 | 250528s ||||||||||||||||||||||||d | ||
| 035 | _a24389 | ||
| 040 |
_aGR-AtMCL _bgre _dGR-AtMCL _eAACR2 |
||
| 245 | 1 | _aAramco World | |
| 260 |
_bAramco Services Company, _c2017 |
||
| 300 | _a40 | ||
| 520 | _aKanga's Woven Voices, Arab Translators of Egypt's Hieroglyphs, Things Twitter Won't Tell You about Zodiacs, The Amazigh Adventures of Le Petit Prince, Tarab and the Art of Music, Reviews and Recommendations, Events and Exhibitions. | ||
| 700 | 1 |
_aAbul Hamayel Basil A. _99456 |
|
| 942 | _cCR | ||
| 999 |
_c9277 _d9277 |
||